Let's Play Quidditch: Sports Quiz Stats

 Plays Quiz not verified by Sporcle

Support Sporcle.
Go Orange.
Score 0/150 Timer 05:00
0 Plays Today
% Correct
Popular sport
among wizards,
played with bats
and on broomsticks
100%
Other sport
played with a bat,
has a major
league in the US
99.7%
Player guarding
the goals in soccer
or the rings in
Quidditch
97.6%
Former Brazil
and FC Barcelona
player, nicknamed
Ronnie
95.4%
Quidditch
95.2%
Number of
team members
in handball or
Quidditch
95.2%
London soccer
club with players
Harry Kane and
Harry Winks
93.6%
Baseball
93.1%
Most decorated
olympian, or name
of the Weasley
twins actors
93.1%
Keeper
91.9%
Seven
91.4%
Man Utd soccer
player Maguire, or
boy who lived
91.4%
Bludger incoming !
Answering this question
will penalize you
91.4%
Cue sport
played on a table,
favored by Ronnie
O'Sullivan
86.2%
Awch !
83.7%
Phelps
83.3%
Nationality
of soccer player
Cristiano Ronaldo
83.3%
Bludger incoming !
Answering this question
will penalize you
83.3%
Nickname of
English soccer club
Stoke City, or
wizard family
80.1%
Nationality of
former soccer player
Ronald Koeman
79.3%
American martial
artist Chuck, or
Argus Filch's cat
79%
Snooker
78.4%
British marathon
runner Paula, or
magical actor
Daniel
78.4%
Tottenham
Hotspur
78.2%
Ronaldinho
78.1%
Norris
77.6%
100m dash WR
holder, or shape
of Harry's scar
77.2%
Almost there !
Answering this question
will end the quiz
77.2%
Awch !
76.5%
Dutch
76.3%
The Potters
76.2%
Radcliffe
76.1%
Bolt
74.9%
CONGRATULATIONS!

You caught the
Golden Snitch and
won 150 points!

Ron sure is a popular name
among soccer players!
74.9%
It's called football but whatever
74.9%
74.9%
74.9%
74.9%
74.9%
74.9%
74.9%
74.9%
74.9%
74.9%
74.9%
74.9%
74.9%
74.9%
74.9%
74.9%
% Correct
74.9%
74.9%
74.9%
74.9%
74.9%
74.9%
74.9%
74.9%
74.9%
74.9%
74.9%
74.9%
74.9%
74.9%
74.9%
74.9%
74.9%
74.9%
74.9%
74.9%
74.9%
74.9%
74.9%
74.9%
74.9%
74.9%
74.9%
74.9%
74.9%
74.9%
74.9%
74.9%
74.9%
74.9%
74.9%
74.9%
74.9%
74.9%
74.9%
74.9%
74.9%
74.9%
74.9%
74.9%
74.9%
74.9%
74.9%
74.9%
74.9%
74.9%
% Correct
74.9%
74.9%
74.9%
74.9%
74.9%
74.9%
74.9%
74.9%
74.9%
74.9%
74.9%
74.9%
74.9%
74.9%
74.9%
74.9%
74.9%
74.9%
74.9%
74.9%
74.9%
74.9%
74.9%
74.9%
74.9%
74.9%
74.9%
74.9%
74.9%
74.9%
74.9%
74.9%
74.9%
74.9%
74.9%
74.9%
74.9%
74.9%
74.9%
74.9%
74.9%
74.9%
74.9%
74.9%
74.9%
74.9%
74.9%
74.9%
70%
58.1%

You're not logged in!

Compare scores with friends on all Sporcle quizzes.
OR
Log In

From the Vault

Begins with 'BAR'

by DeaconEcon

Because everything fun begins at the bar.
Remove Ads.
Support Sporcle.
Get the best of Sporcle when you Go Orange. This ad-free experience offers more features, more stats, and more fun while also helping to support Sporcle. Thank you for becoming a member.

Show Comments

Extras

Top Quizzes Today


Score Distribution

Your Account Isn't Verified!

In order to create a playlist on Sporcle, you need to verify the email address you used during registration. Go to your Sporcle Settings to finish the process.

Report this User

Report this user for behavior that violates our Community Guidelines.

Details: